=LDR 00000nam 2200000 4500 =001 INLIS000000000039378 =005 20200228020935 =035 ##$$a 0010-061300000039378 =008 200228################g##########0#ind## =041 ##$$a ind =082 ##$$a 155.23 =090 ##$$a 155.23, Muh m =100 ##$$a Muhammad, As'adi =245 1#$$a Membaca karakter orang berdasarkan etnisnya, /$c As'adi Muhammad; Editor, Rusdianto =260 ##$$a Jogjakarta :$b Najah,$c 2011 =300 ##$$a 173 Hlm, : $b ilus. ; $c 20 x 14 cm. =650 #4$$a WATAK - ETNIS =700 #$$a RUSDIANTO =850 ##$$a NBPNMAT =020 ##$$a 978-602-978-808-2 =084 ##$$a 155.23 MUH m =990 ##$$a 21111205 =990 ##$$a 21111206